Kontroling a reporting v ubytovacom zariadení diplomová práca

Na minha lista:
Detalhes bibliográficos
Autor principal: Frühaufová, Dominika
Autor Corporativo: Obchodná fakulta EU. Katedra cestovného ruchu
Outros Autores: Naďová Krošláková, Monika, 1975-
Formato: Livro
Idioma:eslovaco
Publicado em: Bratislava 2024
Tags: Adicionar Tag
Sem tags, seja o primeiro a adicionar uma tag!

MARC

LEADER 00000nbm a2200000 4500
001 0302186
005 20250819111501.3
041 0 |a slo 
044 |a SK 
245 1 0 |a Kontroling a reporting v ubytovacom zariadení  |b diplomová práca  |c Dominika Frühaufová ; školiteľ: Monika Naďová Krošláková 
264 1 |a Bratislava  |c 2024 
300 |a 66 s. 
100 1 |a Frühaufová, Dominika 
700 1 |a Naďová Krošláková, Monika, 1975- 
710 2 |a Obchodná fakulta EU. Katedra cestovného ruchu